|
|
|
|
| LEADER |
00000nab a2200000 a 4500 |
| 001 |
vtls000386283 |
| 003 |
SK-MaSNL |
| 005 |
20260318121827.0 |
| 008 |
220423c1989 xo 0 rus |
| 015 |
|
|
|a SNBRB19rr/mm-uuuuu
|
| 035 |
|
|
|a CL0386406
|
| 040 |
|
|
|a SNKBUCL
|b slo
|c SNKBUCL
|e AACR2
|
| 041 |
0 |
|
|a rus
|
| 044 |
|
|
|a xo
|c SK
|
| 080 |
|
|
|a 579.88
|2 1981
|
| 245 |
0 |
0 |
|a Chimičeskij sostav rastvorimogo antigena Coxiella burnetii fazy I, polučennogo putem ekstrakcii trichloruksusnoj kislotoj ; M. Lukáčová, R. Brezina, Š. Schramek, J. Pastorek
|
| 300 |
|
|
|b Tb. 1. Obr. 1., lit. 21 zázn. v slov., ruš., angl.
|
| 650 |
0 |
7 |
|a antigény
|2 snkbucl
|9 16262
|
| 650 |
0 |
7 |
|a Coxiella burnetii
|2 snkbucl
|9 15390
|
| 650 |
0 |
7 |
|a kyselina trichlóroctová
|2 snkbucl
|9 251952
|
| 655 |
|
7 |
|a články z novín a časopisov
|2 snkbucl
|9 267496
|
| 700 |
1 |
|
|a Lukáčová, M.
|4 aut
|9 788299
|
| 700 |
1 |
|
|a Brezina, Rudolf,
|d 1924-1992
|4 aut
|9 37623
|
| 700 |
1 |
|
|a Schramek, Š.
|4 aut
|9 926770
|
| 700 |
1 |
|
|a Pastorek, Jaromír,
|d 1957-2026
|4 aut
|9 62568
|
| 773 |
0 |
|
|t Acta virologica
|g Roč. 33, č. 1 (1989), s. 75-80
|
| 850 |
|
|
|a Slovenská národná knižnica v Martine
|a MTA001
|
| 852 |
|
|
|a SNK
|b KIS3GCP
|
| 958 |
|
|
|a NB
|
| 958 |
|
|
|a RK
|
| 958 |
|
|
|a ME
|
| 992 |
|
|
|a RBX
|
| 999 |
|
|
|c 3250454
|d 3252384
|